[Event "13th European club championship, Preliminary 2"]
[Site "Eupen"]
[Date "1997.09.22"]
[Round "1"]
[White "Chuchelov, Vladimir"]
[Black "Sahl, Bjarke"]
[Result "1-0"]
[WhiteElo "2540"]
[BlackElo "2430"]
[WhiteTitle "GM"]
[WhiteTeam "SK Rochade Eupen-Kelmis"]
[BlackTeam "Espergærde SK"]
[Board "2"]
[EventDate "1997.09.22"]
[PlyCount "93"]

1.d4 Nf6 2.Nf3 g6 3.c4 Bg7 4.Nc3 O-O 5.e4 d6 6.Be2 e5 7.O-O Nbd7 8.Be3 h6 9.dxe5 dxe5 
10.Qc1 Kh7 11.Rd1 Re8 12.b4 c6 13.c5 Qe7 14.Nd2 Nf8 15.f3 Ne6 16.Nb3 Nh5 
17.Qc2 Nhf4 18.Bf1 Ng5 19.b5 h5 20.bxc6 bxc6 21.Na5 Qc7 22.Qa4 h4 23.Nxc6 Bd7 
24.Qa5 Qxc6 25.Rd6 Qc8 26.Ba6 Qd8 27.Qxd8 Raxd8 28.Rad1 Re6 29.c6 Bxc6 30.Rxd8 Bxe4 
31.Nxe4 Nxe4 32.Bc8 Nc3 33.Bxe6 Nxe6 34.R8d3 Nxd1 35.Rxd1 Nd4 36.Bxd4 exd4 37.Rd3 Kh6
38.Kf1 Be5 39.h3 Kg5 40.Ra3 Kf4 41.Rxa7 Ke3 42.Rxf7 Bg3 43.Re7+ Kd2 44.a4 
d3 45.a5 Kd1 46.a6 d2 47.a7 1-0

[Event "13th European club championship, Preliminary 2"]
[Site "Eupen"]
[Date "1997.09.22"]
[Round "1"]
[White "Christensen, Tobias"]
[Black "Kishnev, Sergei"]
[Result "1/2-1/2"]
[WhiteElo "2395"]
[BlackElo "2500"]
[WhiteTitle "IM"]
[BlackTitle "GM"]
[WhiteTeam "Espergærde SK"]
[BlackTeam "SK Rochade Eupen-Kelmis"]
[Board "3"]
[EventDate "1997.09.22"]
[PlyCount "118"]

1.c4 e5 2.g3 d6 3.Bg2 g6 4.d4 exd4 5.Qxd4 Nf6 6.b3 Bg7 7.Bb2 O-O 8.Nc3 Nc6
9.Qd2 Re8 10.Nf3 Bf5 11.O-O Qd7 12.Rfe1 Ne4 13.Nxe4 Bxe4 14.Rad1 Re7 15.
Bc3 Rae8 16.Qb2 Bxc3 17.Qxc3 Qf5 18.Rd2 Qc5 19.Qf6 Qh5 20.Ng5 Bxg2 21.Kxg2
Ne5 22.h4 h6 23.Nf3 Re6 24.Qf4 Nxf3 25.Qxf3 Qxf3+ 26.Kxf3 Rf6+ 27.Kg2 Re5 
28.e3 Kf8 29.Rd5 Rfe6 30.Red1 Ke7 31.Kf3 c6 32.Rxe5 Rxe5 33.Rd4 Ra5 34.a4 
Rf5+ 35.Ke2 a5 36.f4 h5 37.Kf3 Rc5 38.e4 b5 39.Ke3 Ke6 40.Kd3 f5 41.exf5+ 
gxf5 42.cxb5 cxb5 43.b4 Rd5 44.axb5 axb4 45.b6 Rb5 46.Kc4 Rxb6 47.Kb3 Rb7 
48.Rd3 Rb5 49.Kc4 Rb8 50.Kb3 d5 51.Re3+ Kd6 52.Re5 d4 53.Rxf5 d3 54.Ra5 
Rg8 55.Kxb4 Rxg3 56.Kc3 Rf3 57.Rxh5 Ke6 58.Rh8 Rxf4 59.Kxd3 Kf7 1/2-1/2

[Event "13th European club championship, Preliminary 2"]
[Site "Eupen"]
[Date "1997.09.22"]
[Round "1"]
[White "Ahn, Martin"]
[Black "Jaksland, Tim"]
[Result "0-1"]
[WhiteElo "2310"]
[BlackElo "2245"]
[WhiteTitle "FM"]
[WhiteTeam "SK Rochade Eupen-Kelmis"]
[BlackTeam "Espergærde SK"]
[Board "4"]
[EventDate "1997.09.22"]
[PlyCount "167"]

1.e4 c5 2.Nf3 Nc6 3.d4 cxd4 4.Nxd4 g6 5.Nc3 Bg7 6.Be3 Nf6 7.Bc4 Qa5 8.O-O 
O-O 9.Bb3 d6 10.h3 Bd7 11.f4 Qh5 12.Qxh5 Nxh5 13.Rad1 Nf6 14.e5 dxe5 15.Nxc6 Bxc6 16.fxe5 Nh5 17.Nd5 Bxd5 18.Rxd5 Ng3 
19.Rf3 Nf5 20.Bf4 Rfd8 21.Rfd3 Rxd5 22.Bxd5 Rc8 23.g4 Bh6 24.Bxh6 Nxh6 25.Rc3 Rxc3 
26.bxc3 b6 27.Kf2 e6 28.Bf3 Kf8 29.Ke3 Ng8 30.Kd4 Ke7 31.c4 f6 32.exf6+ Nxf6 33.c5 bxc5+ 34.Kxc5 
Nd7+ 35.Kb4 Kd6 36.Ka5 Nc5 37.Kb5 g5 38.Kc4 h6 39.Kd4 Nd7 40.Be2 Nc5 41.Bc4 Nd7 42.Bf1 Nf6 43.a3 Nd7 
44.Bg2 Nf8 45.Ke4 Nd7 46.Bf1 Nb6 47.Kd4 Na4 48.Bg2 Nc5 49.Bf3 e5+ 50.Ke3 Ne6 
51.Be2 Nd4 52.Bd3 Kd5 53.c4+ Kd6 54.Ke4 a5 55.c5+ Kxc5 56.Kxe5 Nb5 57.a4 Nc3 58.Bc2 Nd5 
59.Bb3 Nf4 60.Kf6 Nxh3 61.Kg6 Kb4 62.Bc2 Kc3 63.Bf5 Kd4 64.Kxh6 Ke5 65.Kg6 Kf4 66.Kf6 Nf2 67.Ke7 Nxg4
 68.Bc8 Ne3 69.Kd6 Nf5+ 70.Kc5 g4 71.Kb6 g3 72.Bb7 Nh4 73.Bh1 Ke3 74.Kxa5 Kf2 75.Kb6 Kg1 76.Be4 Kf2 
77.Bh1 Ng2 78.a5 Kg1 79.a6 Kxh1 80.a7 Nf4 81.a8=Q+ Kh2 82.Qg8 Nh3 83.Qd5 Nf2 84.Kc5 0-1

[Event "13th European club championship, Preliminary 2"]
[Site "Eupen"]
[Date "1997.09.22"]
[Round "1"]
[White "Renet, Olivier"]
[Black "Lewis, Andrew Paul"]
[Result "1-0"]
[WhiteElo "2520"]
[BlackElo "2320"]
[WhiteTitle "GM"]
[BlackTitle "FM"]
[WhiteTeam "Clichy Échecs '92"]
[BlackTeam "Barbicans London"]
[Board "2"]
[EventDate "1997.09.22"]
[PlyCount "97"]

1.e4 c5 2.Nf3 Nc6 3.d4 cxd4 4.Nxd4 Nf6 5.Nc3 d6 6.Bc4 e6 7.Be3 Be7 8.Bb3 
O-O 9.O-O a6 10.f4 Nxd4 11.Bxd4 b5 12.e5 dxe5 13.fxe5 Nd7 14.Ne4 Bb7 15.
Nd6 Bxd6 16.exd6 Qg5 17.Rf2 e5 18.Bc3 Rae8 19.Bd5 Bxd5 20.Qxd5 Re6 21.Re1 
Qg6 22.Rd2 Qg4 23.h3 Qc4 24.Qxc4 bxc4 25.Ba5 Rb8 26.Re4 Rc8 27.Bc7 c3 28.
bxc3 f5 29.Ra4 Kf7 30.c4 Rg6 31.c5 Nxc5 32.d7 Nxd7 33.Rxd7+ Ke8 34.Rd5 
Rxc7 35.Rxe5+ Kf7 36.Rxf5+ Ke6 37.Rf2 Kd7 38.Rf7+ Kc8 39.Rxc7+ Kxc7 40.Rg4 Rc6 41.
Rxg7+ Kb6 42.Rxh7 Rxc2 43.h4 Rxa2 44.h5 Rc2 45.Rh8 a5 46.h6 Rc6 47.h7 Rh6 48.g4 a4 49.g5 1-0

[Event "13th European club championship, Preliminary 2"]
[Site "Eupen"]
[Date "1997.09.22"]
[Round "1"]
[White "Lehtivaara, Petri"]
[Black "Apicella, Manuel"]
[Result "0-1"]
[WhiteElo "2370"]
[BlackElo "2500"]
[WhiteTitle "FM"]
[BlackTitle "GM"]
[WhiteTeam "Barbicans London"]
[BlackTeam "Clichy Échecs '92"]
[Board "3"]
[EventDate "1997.09.22"]
[PlyCount "98"]

1.d4 d5 2.c4 e6 3.Nc3 c6 4.Nf3 dxc4 5.a4 Bb4 6.g3 Nf6 7.Bg2 O-O 8.O-O Nbd7 9.Qc2 a5 
10.e4 e5 11.dxe5 Ng4 12.Bf4 Qe7 13.Na2 Ndxe5 14.Nxe5 Nxe5 15.Nxb4 axb4 16.
Bxe5 Qxe5 17.Qxc4 Qxb2 18.Rfb1 Rxa4 19.Rxb2 Rxa1+ 20.Bf1 Bh3 21.Rxb4 b5 22.Qd3 Rxf1+ 23.Qxf1 Bxf1 
24.Kxf1 Rd8 25.Ke2 Kf8 26.Rb2 Ke7 27.e5 Rd4 28.Ke3 Rc4 29.f4 f6 30.Ra2 fxe5 31.Ra7+ 
Ke6 32.Rxg7 exf4+ 33.gxf4 h5 34.Rg6+ Kd7 35.Rg7+ Kd6 36.Rg6+ Kc7 37.Rg7+ 
Kb6 38.f5 Rc1 39.Ke4 Rf1 40.Ke5 b4 41.f6 c5 42.f7 Kb5 43.Ke6 b3 44.Rg8 Rxf7 
45.Kxf7 c4 46.Rb8+ Ka4 47.Rc8 Ka3 48.Ra8+ Kb2 49.Ke6 c3 0-1

[Event "13th European club championship, Preliminary 2"]
[Site "Eupen"]
[Date "1997.09.22"]
[Round "1"]
[White "Wilson, Jonathan"]
[Black "Koch, Jean-René"]
[Result "1-0"]
[WhiteElo "2315"]
[BlackElo "2495"]
[WhiteTitle "FM"]
[BlackTitle "IM"]
[WhiteTeam "Barbicans London"]
[BlackTeam "Clichy Échecs '92"]
[Board "5"]
[EventDate "1997.09.22"]
[PlyCount "74"]

1.d4 f5 2.g3 Nf6 3.Bg2 d6 4.Nf3 g6 5.O-O Bg7 6.c4 O-O 7.Nc3 Qe8 8.d5 a5 
9.Nd4 Na6 10.e4 fxe4 11.Nxe4 Nxe4 12.Bxe4 Bh3 13.Re1 Nc5 14.Bh1 Qa4 15.b3 Qb4 
16.Be3 a4 17.a3 Qc3 18.Rc1 Qb2 19.Rb1 Qxa3 20.Nb5 Qa2 21.Re2 axb3 22.Bxc5 Bg4 
23.f3 Rxf3 24.Bd4 Rxg3+ 25.hxg3 Bxe2 26.Qc1 Rf8 27.Bg2 Qc2 
28.Bxg7 Kxg7 29.Nd4 Qxc1+ 30.Rxc1 b2 31.Rb1 Bxc4 32.Ne6+ Kg8 33.
Nxf8 Kxf8 34.Rxb2 b5 35.Bf1 Bxd5 36.Rxb5 c6 37.Rb8+ Kg7 1-0

[Event "13th European club championship, Preliminary 2"]
[Site "Eupen"]
[Date "1997.09.22"]
[Round "1"]
[White "Zifroni, Dov"]
[Black "Kenġis, Edvīns"]
[Result "1-0"]
[WhiteElo "2500"]
[BlackElo "2590"]
[WhiteTitle "IM"]
[BlackTitle "GM"]
[WhiteTeam "Herzliya CC"]
[BlackTeam "Baltika Liepāja"]
[Board "3"]
[EventDate "1997.09.22"]
[PlyCount "81"]

1.e4 c5 2.c3 g6 3.Nf3 d5 4.exd5 Qxd5 5.d4 Bg7 6.Be3 cxd4 7.cxd4 Nf6 8.Nc3 Qd8 
9.Bc4 O-O 10.O-O Nc6 11.d5 Na5 12.Be2 Bg4 13.Re1 
Rc8 14.Bd4 a6 15.h3 Bxf3 16.Bxf3 Nc4 17.Re2 b5 18.Qd3 Nd6 
19.Rae1 Nf5 20.Be5 b4 21.Bxf6 Bxf6 22.Ne4 Bg7 23.Bg4 Nd4 
24.Bxc8 Nxe2+ 25.Rxe2 Qxc8 26.Rc2 Qf5 27.Nc5 Rc8 
28.Qxa6 Bd4 29.g4 Rxc5 30.gxf5 Rxc2 31.d6 exd6 32.Qxd6 Bxb2 
33.Qxb4 gxf5 34.a4 Bc3 35.Qc5 f4 36.Kg2 Rc1 37.a5 
h6 38.a6 Kh7 39.Qf5+ Kg7 40.Qg4+ Kh7 41.Qxf4 1-0

[Event "13th European club championship, Preliminary 2"]
[Site "Eupen"]
[Date "1997.09.22"]
[Round "1"]
[White "Slutzky, Leonid"]
[Black "Miezis, Normunds"]
[Result "1-0"]
[WhiteElo "2355"]
[BlackElo "2515"]
[WhiteTitle "FM"]
[BlackTitle "IM"]
[WhiteTeam "Herzliya CC"]
[BlackTeam "Baltika Liepāja"]
[Board "5"]
[EventDate "1997.09.22"]
[PlyCount "80"]

1.Nf3 c5 2.c4 Nf6 3.Nc3 d5 4.cxd5 Nxd5 5.d4 cxd4 6.Qxd4 Nxc3 7.Qxc3 Bf5 8.Nd4 Be4 9.Bf4 e5 
10.Bxe5 Na6 11.a3 Rc8 12.Qd2 Qd5 13.Bg3 Bc5 14.Rd1 O-O 
15.f3 Rfd8 16.e3 Bxd4 17.Qxd4 Qa5+ 18.b4 Rxd4 19.bxa5 Rxd1+ 20.Kxd1 Rd8+ 
21.Ke1 Bd3 22.Kf2 Bxf1 23.Rxf1 Rd2+ 24.Kg1 f6 25.Rb1 Nc5 26.Rc1 Ne6 27.a6 bxa6 28.Rc6 Kf7 29.Rxa6 
Rd1+ 30.Kf2 Rd2+ 31.Kf1 Nc5 32.Rxa7+ Kg6 33.e4 Ra2 
34.Bd6 Ne6 35.a4 f5  36.Re7 Nd4 37.Be5 Rxa4 38.Rxg7+ Kh6 39.Rd7 Ra1+ 40.Kf2 Ra2+ 1-0

[Event "13th European club championship, Preliminary 2"]
[Site "Eupen"]
[Date "1997.09.23"]
[Round "2"]
[White "Psakhis, Lev"]
[Black "Borge, Nikolaj"]
[Result "1-0"]
[WhiteElo "2565"]
[BlackElo "2360"]
[WhiteTitle "GM"]
[BlackTitle "IM"]
[WhiteTeam "Herzliya CC"]
[BlackTeam "Espergærde SK"]
[Board "1"]
[EventDate "1997.09.22"]
[PlyCount "63"]

1.e4 c5 2.Nf3 d6 3.d4 cxd4 4.Nxd4 Nf6 5.Nc3 g6 6.Be3 Bg7 7.
f3 Nc6 8.Qd2 O-O 9.O-O-O d5 10.exd5 Nxd5 11.Nxc6 bxc6 12.Bd4 Bxd4 
13.Qxd4 Qc7 14.Bc4 Nb6 15.Qh4 Nxc4 16.Qxc4 Rb8 17.Qc5 Be6 
18.b3 Rb6 19.Rhe1 Qxh2 20.Qxe7 c5 21.Re2 c4 22.Qxa7 Rc6 23.b4 Rc7 
24.Qb6 Ra8 25.a4 Qh6+ 26.Kb2 Qf8 27.Rd6 Rca7 28.Red2 Qe7 29.Rd8+ Kg7 30.Qd6 Qb7 31.Qf8+ Kf6 32.Ne4+ 1-0

[Event "13th European club championship, Preliminary 2"]
[Site "Eupen"]
[Date "1997.09.23"]
[Round "2"]
[White "Zifroni, Dov"]
[Black "Christensen, Tobias"]
[Result "1-0"]
[WhiteElo "2500"]
[BlackElo "2395"]
[WhiteTitle "IM"]
[BlackTitle "IM"]
[WhiteTeam "Herzliya CC"]
[BlackTeam "Espergærde SK"]
[Board "3"]
[EventDate "1997.09.22"]
[PlyCount "64"]

1.d4 f5 2.Nf3 Nf6 3.g3 g6 4.Bg2 Bg7 5.O-O O-O 6.c4 d6 7.Nc3 Nc6 8.d5 Na5 9.Qa4 c5 10.dxc6 bxc6 11.c5 dxc5 12.Ne5 Rb8 
13.Rd1 Qb6 14.Be3 Ba6 15.Qa3 Nc4 16.Nxc4 Bxc4 17.Rd2 Rb7 18.Bxc5 Qc7 19.Rad1 Rc8 
20.Bd4 e6 21.e4 Bf8 22.Qa4 Rb4 23.Qxa7 Qxa7 24.Bxa7 Nxe4 25.Bxe4 fxe4 26.Rd8 Rxd8 27.Rxd8 Rxb2 28.Bc5 
Rc2 29.Rxf8+ Kg7 30.Rd8 Bxa2 31.Bd4+ Kh6 32.Nxa2 Rxa2 1-0

[Event "13th European club championship, Preliminary 2"]
[Site "Eupen"]
[Date "1997.09.23"]
[Round "2"]
[White "Slutzky, Leonid"]
[Black "Larsen, Steen Skovlund"]
[Result "0-1"]
[WhiteElo "2355"]
[BlackElo "2320"]
[WhiteTitle "FM"]
[WhiteTeam "Herzliya CC"]
[BlackTeam "Espergærde SK"]
[Board "5"]
[EventDate "1997.09.22"]
[PlyCount "124"]

1.Nf3 Nf6 2.c4 g6 3.g3 Bg7 4.Bg2 O-O 5.d4 d6 6.Nc3 Nbd7 7.O-O e5 8.h3 Re8 
9.e4 exd4 10.Nxd4 a6 11.Be3 Rb8 12.a4 Nc5 13.Qc2 Bd7 14.Rad1 Qc8 15.Kh2 Re5 16.f3 Rh5
 17.h4 Re5 18.b3 Ncxe4 19.Nxe4 Rxe4 20.Qd2 Re5 21.Bf4 Re8 22.Rfe1 Rxe1 23.Rxe1 
Qf8 24.Nc2 Re8 25.a5 Rxe1 26.Qxe1 d5 27.Bxc7 dxc4 28.bxc4 Qc5 29.Bb6 Qxc4 30.Qd2 h6 
31.Ne3 Qe6 32.Qd3 Kh7 33.Qc4 Qxc4 34.Nxc4 Bc6 35.Ne5 Bd5 36.Nd3 Bf8 37.Nc5 Bc6 38.Nd3
Bd6 39.Bd4 Nd7 40.Bh3 Kg8 41.Kg2 Bb5 42.Nf4 Bc6 43.Nd3 Kf8 44.Kf2 Bb5 45.f4 Bxd3 46.Bxd7
 Bb5 47.Bc8 Bc7 48.Bxb7 Bxa5 49.Bc5+ Kg8 50.g4 Bc3 51.Ke3 a5 52.Bd5 Be1 53.Be7 Bd7 54.Kf3 
Bc3 55.Be4 Bb2 56.f5 gxf5 57.gxf5 a4 58.Kg4 f6 59.Bd5+ Kg7 60.Kf4 a3 61.Ke4 Be8 62.Kd3 Bf7 0-1

[Event "13th European club championship, Preliminary 2"]
[Site "Eupen"]
[Date "1997.09.23"]
[Round "2"]
[White "Relange, Éloi"]
[Black "Kurajica, Bojan"]
[Result "1-0"]
[WhiteElo "2505"]
[BlackElo "2545"]
[WhiteTitle "IM"]
[BlackTitle "GM"]
[WhiteTeam "Clichy Échecs '92"]
[BlackTeam "ŠK Bosna Sarajevo"]
[Board "4"]
[EventDate "1997.09.22"]
[PlyCount "62"]

1.Nf3 Nf6 2.c4 e6 3.Nc3 Bb4 4.g3 O-O 5.Bg2 d5 6.d4 dxc4 7.O-O Nc6 8.e3 Rb8 9.Qc2 Be7 
10.Qa4 b5 11.Nxb5 Bd7 12.Nc3 Nxd4 13.Qxa7 Nc2 14.Rb1 Nd5 15.Bd2 Qc8 16.Qa5 Ncb4 17.Nxd5 Nxd5 
18.Qa7 Ra8 19.Qd4 Bb5 20.Rfc1 c5 21.Qe5 f5 22.Nd4 cxd4 23.Bxd5 Ra6 24.exd4 Qd7 25.Bxc4 Bxc4 26.Rxc4 Bf6 
27.Rc7 Qa4 28.Qc5 Qxa2 29.Rc1 Qxb2 30.Rc8 Rxc8 31.Qxc8+ Kf7 
1-0

[Event "13th European club championship, Preliminary 2"]
[Site "Eupen"]
[Date "1997.09.23"]
[Round "2"]
[White "Dizdarević, Emir"]
[Black "Koch, Jean-René"]
[Result "0-1"]
[WhiteElo "2555"]
[BlackElo "2495"]
[WhiteTitle "GM"]
[BlackTitle "IM"]
[WhiteTeam "ŠK Bosna Sarajevo"]
[BlackTeam "Clichy Échecs '92"]
[Board "5"]
[EventDate "1997.09.22"]
[PlyCount "122"]

1.Nf3 f5 2.c4 Nf6 3.Nc3 d6 4.d4 g6 5.e3 Bg7 6.b4 O-O 7.Bb2 Kh8 
8.Be2 c6 9.O-O Qc7 10.Qb3 Be6 11.d5 Bg8 12.Rfd1 Na6 13.a3 Rad8 
14.Rac1 e5 15.dxe6 Bxe6 16.Nd5 Qd7 17.Nxf6 Bxf6 18.Bxf6+ Rxf6 19.Qc3 Qg7 20.c5 Nb8 21.b5 Rff8 
22.bxc6 Qxc3 23.Rxc3 bxc6 24.cxd6 Bd5 25.Bc4 Rxd6 26.Bxd5 Rfd8 27.Rb3 Rxd5
28.Rxd5 cxd5 29.Rb7 Nc6 30.Rc7 Rd6 31.Kf1 a6 32.Ng5 Kg8 33.h4 h5 34.Nf3 d4 
35.exd4 Nxd4 36.Nxd4 Rxd4 37.Rc6 Kg7 38.Rxa6 Rxh4 39.a4 Rb4 40.Ra7+ Kf6 
41.g3 h4 42.gxh4 Rxh4 43.Ra6+ Kg5 44.Ke2 Rb4 45.Ke3 Rb3+ 46.Ke2 f4 47.Rd6 Ra3 
48.Ra6 f3+ 49.Kd2 Kf5 50.a5 g5 51.Ra8 Kg4 52.Rh8 Rxa5 53.Ke1 Ra1+ 54.Kd2 Rf1 55.Rh2 Kf4 
56.Kc2 Re1 57.Kd2 Re2+ 58.Kc1 Ke4 59.Kd1 Kd3 60.Rh8 Rxf2 61.Ke1 Ra2 0-1

[Event "13th European club championship, Preliminary 2"]
[Site "Eupen"]
[Date "1997.09.23"]
[Round "2"]
[White "Nataf, Igor-Alexandre"]
[Black "Borić, Muhamed"]
[Result "0-1"]
[WhiteElo "2440"]
[BlackElo "2405"]
[WhiteTitle "IM"]
[BlackTitle "IM"]
[WhiteTeam "Clichy Échecs '92"]
[BlackTeam "ŠK Bosna Sarajevo"]
[Board "6"]
[EventDate "1997.09.22"]
[PlyCount "108"]

1.e4 d5 2.exd5 Nf6 3.d4 Nxd5 4.c4 Nb6 5.Nf3 g6 6.Nc3 Bg7 7.h3 O-O 8.Be3 
Nc6 9.Qd2 e5 10.d5 Na5 11.b3 e4 12.Ng5 f5 13.Rc1 h6 14.Ne6 Bxe6 15.dxe6 Qxd2+ 16.Bxd2 c5 17.e7 Rf7 
18.Nb5 Nc6 19.Nc7 Rxe7 20.Nxa8 Nxa8 21.g4 Nc7 22.gxf5 gxf5 23.Rg1 Kh7 24.Be2 Ne6 25.Kf1 Bf6 26.Rd1 
Ncd4 27.Bh5 Bg5 28.h4 Bxd2 29.Rxd2 Nf4 30.Bd1 a5 31.Rg3 Ng6 32.h5 Ne5 33.a3 b6 34.Re3 Kg7 35.Be2 Kf6 
36.Rg3 Rg7 37.Rxg7 Kxg7 38.b4 axb4 39.axb4 Kf6 40.b5 f4 41.f3 exf3 42.Bd3 Kg5 43.Kg1 Kh4 44.Bf1 Kg3 45.Rh2 Ne2+ 
46.Bxe2 Ng4 47.Rh3+ Kxh3 48.Bxf3 Kg3 49.Be2 Nf6 50.Kh1 f3 51.Bd3 Nxh5 52.Kg1 Nf6 53.Kh1 Ng4 54.Kg1 Kf4 0-1

[Event "13th European club championship, Preliminary 2"]
[Site "Eupen"]
[Date "1997.09.23"]
[Round "2"]
[White "Cobb, James"]
[Black "Khalifman, Alexander"]
[Result "0-1"]
[WhiteElo "2335"]
[BlackElo "2655"]
[BlackTitle "GM"]
[WhiteTeam "Cardiff CC"]
[BlackTeam "Baltika Liepāja"]
[Board "1"]
[EventDate "1997.09.22"]
[PlyCount "42"]

1.d4 g6 2.e4 Bg7 3.Nc3 d6 4.g3 Nc6 5.Be3 Nf6 6.h3 e5 7.Nge2 d5 8.Bg2 Nxe4 
9.Nxe4 dxe4 10.d5 Na5 11.Bxe4 Nc4 12.Bc1 O-O 13.Bg2 f5 14.O-O Nd6 15.b3 f4 16.gxf4 Qh4 
17.Bb2 Bxh3 18.fxe5 Bxg2 19.Kxg2 Ne4 20.Qd4 Qg5+ 21.Kh2 Qh5+ 0-1

[Event "13th European club championship, Preliminary 2"]
[Site "Eupen"]
[Date "1997.09.23"]
[Round "2"]
[White "Ehlvest, Jaan"]
[Black "Spice, Alan"]
[Result "1-0"]
[WhiteElo "2610"]
[BlackElo "2205"]
[WhiteTitle "GM"]
[WhiteTeam "Baltika Liepāja"]
[BlackTeam "Cardiff CC"]
[Board "2"]
[EventDate "1997.09.22"]
[PlyCount "99"]

1.e4 e6 2.Qe2 c5 3.Nf3 Be7 4.g3 d5 5.d3 dxe4 6.dxe4 Nc6 7.Bg2 e5 8.c3 Nf6 
9.O-O O-O 10.Nbd2 Qc7 11.Nc4 Re8 12.Ne3 Nd8 13.Nd5 Nxd5 14.exd5 f6 15.Nd2 
Nf7 16.Nc4 Nd6 17.f4 Nxc4 18.Qxc4 Bd6 19.fxe5 Rxe5 20.Bf4 Re8 21.Rae1 Bd7 
22.Be4 f5 23.Bg2 Kh8 24.Bxd6 Qxd6 25.Qf4 Qxf4 26.gxf4 Bb5 27.Rxe8+ Rxe8 
28.Rd1 Kg8 29.d6 b6 30.a4 Bd7 31.a5 Kf8 32.axb6 axb6 33.Ra1 Rb8 34.Bd5 h6 
35.h4 Rd8 36.Ra6 Rb8 37.Kf2 g6 38.Ra7 Ke8 39.Bg8 Kf8 40.Rxd7 Kxg8 41.h5 gxh5
42.Kg3 c4 43.Kh4 b5 44.Kxh5 Kf8 45.Rh7 Kg8 46.Kg6 Rd8 47.d7 h5 48.Rg7+ Kf8 49.Rf7+ Kg8 50.Re7 1-0

[Event "13th European club championship, Preliminary 2"]
[Site "Eupen"]
[Date "1997.09.24"]
[Round "3"]
[White "Kožul, Zdenko"]
[Black "Zifroni, Dov"]
[Result "0-1"]
[WhiteElo "2605"]
[BlackElo "2500"]
[WhiteTitle "GM"]
[BlackTitle "IM"]
[WhiteTeam "ŠK Bosna Sarajevo"]
[BlackTeam "Herzliya CC"]
[Board "3"]
[EventDate "1997.09.22"]
[PlyCount "60"]

1.d4 d5 2.c4 dxc4 3.Nf3 Nf6 4.e3 e6 5.Bxc4 c5 6.O-O a6 7.a3 b5 8.Ba2 Bb7 
9.Nc3 Nbd7 10.Qe2 Qb6 11.Rd1 Rd8 12.h3 Be7 13.e4 cxd4 14.Nxd4 Ne5 15.Be3 
Bc5 16.Nd5 exd5 17.b4 Bxb4 18.axb4 O-O 19.Nb3 Qc7 20.Bf4 dxe4 
21.Nc5 Rxd1+ 22.Rxd1 Re8 23.Bg3 h6 24.Rd4 Qb6 25.Bh4 Ba8 
26.Qd2 Nd3 27.Qe3 Rd8 28.Rxd8+ Qxd8 29.Nxa6 Ne5 30.Bb3 Qd3  0-1

[Event "13th European club championship, Preliminary 2"]
[Site "Eupen"]
[Date "1997.09.24"]
[Round "3"]
[White "Lev, Ronen"]
[Black "Kurajica, Bojan"]
[Result "0-1"]
[WhiteElo "2455"]
[BlackElo "2545"]
[WhiteTitle "GM"]
[BlackTitle "GM"]
[WhiteTeam "Herzliya CC"]
[BlackTeam "ŠK Bosna Sarajevo"]
[Board "4"]
[EventDate "1997.09.22"]
[PlyCount "78"]

1.d4 Nf6 2.c4 e6 3.Nf3 Bb4+ 4.Nbd2 d5 5.Qa4+ Nc6 6.a3 Bd6 7.e3 O-O 8.c5 Be7 9.b4 Nd7 
10.Bb2 f5 11.b5 Ncb8 12.Qb3 c6 13.Rc1 cxb5 14.Bxb5 Nc6 15.O-O Qc7 
16.Rc2 Bf6 17.Rb1 g5 18.Bc3 g4 19.Ne1 f4 20.Nf1 fxe3 21.fxe3 Bg5 22.g3 Nf6
23.Nd3 Bd7 24.Nf4 Rae8 25.Be2 Bc8 26.Rcb2 Qf7 27.Bb5 Ne4 
28.Nd2 Nxc3 29.Qxc3 Qg7 30.Nb3 e5 31.dxe5 Nxe5 32.Kg2 Rd8 33.Nd4 Nf3 34.Rb4 Bf6 
35.Rd1 Qh6 36.Rh1 Bxd4 37.exd4 Rxf4 38.gxf4 Qxf4 39.Qc1 Nh4+ 0-1

[Event "13th European club championship, Preliminary 2"]
[Site "Eupen"]
[Date "1997.09.24"]
[Round "3"]
[White "Ben Menachem, Itzhak"]
[Black "Borić, Muhamed"]
[Result "1/2-1/2"]
[WhiteElo "2315"]
[BlackElo "2405"]
[WhiteTitle "FM"]
[BlackTitle "IM"]
[WhiteTeam "Herzliya CC"]
[BlackTeam "ŠK Bosna Sarajevo"]
[Board "6"]
[EventDate "1997.09.22"]
[PlyCount "34"]

1.d4 Nf6 2.Nc3 d5 3.Bg5 Nbd7 4.Nf3 c6 5.Qd3 h6 6.Bd2 b5 
7.a3 Bb7 8.e4 dxe4 9.Nxe4 e6 10.Ne5 Nxe5 11.dxe5 Qxd3 12.Bxd3 Nxe4 13.Bxe4 O-O-O 14.Be3 
c5 15.Bxb7+ Kxb7 16.Ke2 Be7 17.c4 a6 
1/2-1/2

[Event "13th European club championship, Preliminary 2"]
[Site "Eupen"]
[Date "1997.09.24"]
[Round "3"]
[White "Degraeve, Jean-Marc"]
[Black "Borge, Nikolaj"]
[Result "1-0"]
[WhiteElo "2540"]
[BlackElo "2360"]
[WhiteTitle "IM"]
[BlackTitle "IM"]
[WhiteTeam "Clichy Échecs '92"]
[BlackTeam "Espergærde SK"]
[Board "1"]
[EventDate "1997.09.22"]
[PlyCount "57"]

1.e4 c5 2.c3 Nf6 3.e5 Nd5 4.d4 cxd4 5.Nf3 e6 6.cxd4 b6 7.Nc3
Nxc3 8.bxc3 Qc7 9.Be2 Bb7 10.O-O Qxc3 11.Bd2 Qc7 
12.Rc1 Qd8 13.Bg5 Be7 14.Bxe7 Qxe7 15.Rc7 Ba6 16.Qa4 Qd8 17.Rfc1 Bxe2 
18.Rc8 O-O 19.Rxd8 Rxd8 20.Ng5 Bd3 21.d5 h6 22.Nxf7 Kxf7 23.dxe6+ dxe6 
24.Rc7+ Kg8 25.Qg4 Bg6 26.Qxe6+ Kh8 27.Rc8 Nd7 28.Rxa8 Nf8 29.Rxd8 1-0

[Event "13th European club championship, Preliminary 2"]
[Site "Eupen"]
[Date "1997.09.24"]
[Round "3"]
[White "Lewis, Andrew Paul"]
[Black "Ehlvest, Jaan"]
[Result "0-1"]
[WhiteElo "2320"]
[BlackElo "2610"]
[WhiteTitle "FM"]
[BlackTitle "GM"]
[WhiteTeam "Barbicans London"]
[BlackTeam "Baltika Liepāja"]
[Board "2"]
[EventDate "1997.09.22"]
[PlyCount "88"]

1.c4 g6 2.Nc3 Bg7 3.d4 d6 4.e4 Nf6 5.f3 O-O 6.Nge2 c5 7.d5 e6 8.Ng3 exd5 9.cxd5 a6 10.a4 h5 11.Bg5 Qa5 12.Be2 Nbd7 
13.O-O Nh7 14.Be3 Re8 15.Nh1 Ne5 16.Nf2 Qb4 17.Bd2 Qd4 18.a5 Bd7 19.Ra3 Rab8 
20.Rb3 b5 21.axb6 c4 22.Ra3 Qxb6 23.Ra2 Bb5 24.Qc1 Nf6 25.Be3 Qc7 26.Nxb5 axb5 27.b4 Ra8 28.Qc2 
Ned7 29.Bc1 Nb6 30.Nd1 Rxa2 31.Qxa2 Na4 32.Qc2 Nd7 33.Bd2 f5  34.Nc3 Nxc3 35.Bxc3 Bxc3 36.Qxc3 fxe4 37.fxe4 Qa7+ 
38.Kh1 Ne5 39.Qg3 Rf8 40.Bf3 Qe3 41.h3 Kg7 42.Kh2 Ra8 43.Qh4 g5 44.Qg3 h4 
0-1

[Event "13th European club championship, Preliminary 2"]
[Site "Eupen"]
[Date "1997.09.24"]
[Round "3"]
[White "Kenġis, Edvīns"]
[Black "Lehtivaara, Petri"]
[Result "1-0"]
[WhiteElo "2590"]
[BlackElo "2370"]
[WhiteTitle "GM"]
[BlackTitle "FM"]
[WhiteTeam "Baltika Liepāja"]
[BlackTeam "Barbicans London"]
[Board "3"]
[EventDate "1997.09.22"]
[PlyCount "69"]

1.Nf3 Nf6 2.g3 b5 3.Bg2 Bb7 4.Na3 a6 5.c4 bxc4 6.Nxc4 c5 7.Qb3 Bd5 8.Nfe5 Nc6 
9.Bxd5 Nxd5 10.Nxc6 dxc6 11.O-O e6 12.Qa4 Qc7 13.d3 Qb7 14.e4 Nf6 
15.Bf4 Rd8 16.Rfd1 Qb5 17.Qc2 Be7 18.Bc7 Rd4 19.a4 Qb7 20.Be5 Rd8 21.Ra3 O-O 22.Rb3 Qa7 23.Rb6 Nd7 
24.Rxc6 Nxe5 25.Nxe5 Rb8 26.d4 Rfd8 27.d5 exd5 28.exd5 Qb7 29.Qf5 Bd6 30.
Nc4 Bf8 31.Rb6 Qc7 32.d6 Qa7 33.a5 Rbc8 34.Qd5 Qa8 35.Rb7 1-0

[Event "13th European club championship, Preliminary 2"]
[Site "Eupen"]
[Date "1997.09.24"]
[Round "3"]
[White "Chuchelov, Vladimir"]
[Black "Spice, Alan"]
[Result "1-0"]
[WhiteElo "2540"]
[BlackElo "2205"]
[WhiteTitle "GM"]
[WhiteTeam "SK Rochade Eupen-Kelmis"]
[BlackTeam "Cardiff CC"]
[Board "2"]
[EventDate "1997.09.22"]
[PlyCount "51"]

1.d4 e6 2.Nf3 f5 3.g3 Nf6 4.Bg2 Be7 5.O-O O-O 6.c4 d6 7.
Nc3 Qe8 8.b3 a5 9.Bb2 c6 10.Re1 d5 11.e3 b5 12.Ne5 Ne4 13.Ne2 Bf6 
14.f3 Nd6 15.cxb5 cxb5 16.Rc1 b4 17.Nf4 Ba6 18.Qd2 Nd7 19.Rc6 Be7 
20.Rc7 Nxe5 21.dxe5 Nb5 22.Nxe6 Qf7 23.Rxe7 Qxe7 24.Nxf8 Bb7 25.Nxh7 
Kxh7 26.Qd3 1-0